[Event "2nd Bundesliga West 2005-6"]
[Site "Austria AUT"]
[Date "2005.12.04"]
[Round "5"]
[White "Volke,K"]
[Black "Mrva,Mart"]
[Result "1/2-1/2"]
[WhiteElo "2473"]
[BlackElo "2490"]

1.Nf3 Nf6 2.c4 g6 3.Nc3 Bg7 4.e4 d6 5.d4 O-O 6.Be2 e5 7.O-O Nc6 8.d5 Ne7
9.b4 Nh5 10.Re1 a5 11.bxa5 f5 12.c5 dxc5 13.Bc4 Kh8 14.a6 b6 15.Ng5 Nf6 16.Nb5 Ne8
17.Qb3 fxe4 18.Nxe4 Nf5 19.Bg5 Qd7 20.a7 Ned6 21.Nexd6 Nxd6 22.a4 Bb7 23.Nxd6 Qxd6
24.a5 Rxa7 25.axb6 Rxa1 26.Rxa1 cxb6 27.Rb1 b5 28.Qxb5 Bxd5 29.Be3 Rc8 30.h3 h5
31.Bxd5 Qxd5 32.Rc1 Bf8 33.Qa6 Qc6 34.Qc4 Kg7 35.Ra1 Ra8 36.Rxa8 Qxa8 37.Bxc5 Bxc5
38.Qxc5  1/2-1/2

[Event "TCh-HUN 2005-6"]
[Site "Hungary HUN"]
[Date "2005.12.04"]
[Round "5"]
[White "Farago,I"]
[Black "Butunoi,A"]
[Result "0-1"]
[WhiteElo "2512"]
[BlackElo "2418"]

1.d4 Nf6 2.c4 g6 3.Nc3 Bg7 4.e4 d6 5.Be2 O-O 6.Nf3 e5 7.O-O Nc6 8.d5 Ne7
9.b4 Ne8 10.c5 f5 11.Nd2 Nf6 12.f3 f4 13.Nc4 g5 14.a4 Ng6 15.Ba3 Rf7 16.b5 dxc5
17.Bxc5 h5 18.d6 Bf8 19.Ba3 Be6 20.Nd5 cxd6 21.b6 Nxd5 22.exd5 Bf5 23.Bd3 Nh4
24.bxa7 Rxa7 25.a5 Bxd3 26.Qxd3 g4 27.Kh1 Rg7 28.Rac1 Ra8 29.Bb4 Qg5 30.Rg1 Rc8
31.Rce1 Nf5 32.Bd2 Qf6 33.fxg4 hxg4 34.Rgf1 Rh7 35.Kg1 Rcc7 36.Re2 Rcf7 37.g3 Nd4
38.gxf4 Nxe2+ 39.Qxe2 Qh4 40.Be1 Qh5 41.fxe5 Rxf1+ 42.Kxf1 dxe5 43.Nxe5 Qf5+
44.Kg1 Re7 45.Bg3 Bg7 46.d6 Rxe5 47.Bxe5 Bxe5 48.Qa2+ Kf8 49.Qd2 Qf4  0-1

[Event "FSIM December"]
[Site "Budapest HUN"]
[Date "2005.12.06"]
[Round "4"]
[White "Fodor,T jr"]
[Black "Werner,Di"]
[Result "1-0"]
[WhiteElo "2252"]
[BlackElo "2376"]

1.d4 Nf6 2.c4 g6 3.Nc3 Bg7 4.e4 O-O 5.Nf3 d6 6.Be2 e5 7.O-O Nc6 8.d5 Ne7
9.Bg5 Nh5 10.Ne1 Nf4 11.Nd3 Nxe2+ 12.Qxe2 h6 13.Bd2 c5 14.f4 exf4 15.Bxf4 Re8
16.Rae1 a6 17.Qf3 Kh7 18.Qg3 f5 19.Bxd6 fxe4 20.Bxe7 Rxe7 21.d6 Bd4+ 22.Kh1 Rg7
23.Nxe4 b6 24.Ne5 Bf5 25.Nc6 Qf8 26.Nxd4 cxd4 27.Qe5 d3 28.Qd4 Rf7 29.Ng3 Re8
30.Rxe8 Qxe8 31.Nxf5 Qe2 32.Rg1  1-0

[Event "FSGMA December"]
[Site "Budapest HUN"]
[Date "2005.12.12"]
[Round "10"]
[White "Farago,I"]
[Black "Porat,S"]
[Result "1-0"]
[WhiteElo "2512"]
[BlackElo "2444"]

1.d4 Nf6 2.c4 g6 3.Nc3 Bg7 4.e4 d6 5.Be2 O-O 6.Nf3 e5 7.O-O Nc6 8.Be3 Re8
9.dxe5 dxe5 10.h3 h6 11.c5 Nh7 12.Bb5 Bd7 13.Re1 Nf8 14.Qd2 g5 15.Rad1 g4
16.hxg4 Bxg4 17.Bxc6 bxc6 18.Qxd8 Raxd8 19.Rxd8 Rxd8 20.Nh4 Ng6 21.Nf5 Bxf5
22.exf5 Nh4 23.f6 Bxf6 24.Bxh6 Nf5 25.Be3 Be7 26.g4 Nxe3 27.Rxe3 Bxc5 28.Rxe5 Bd4
29.Re2 Bxc3 30.bxc3 Kf8 31.Re4 Rd2 32.a4 Rd5 33.Rc4 Ra5 34.Kg2 Ke8 35.Kg3 Kd7
36.f4 Kd6 37.g5 Rd5 38.Kg4 c5 39.Re4 Rd3 40.Kf5 Rxc3 41.Kf6 Rf3 42.Kxf7 Kd5
43.Re5+ Kd4 44.Rf5 c4 45.g6 c3 46.g7 c2 47.g8=Q c1=Q 48.Qd8+ Ke3 49.Re5+ Kf2
50.Qh4+ Rg3 51.f5 Qd2 52.Ke8 Kg2 53.Qe4+ Kf2 54.f6 Rg8+ 55.Kf7 Rg3 56.Rf5+ Kg1
57.Rd5 Qc3 58.Qd4+ Qxd4 59.Rxd4  1-0

[Event "FSIM December"]
[Site "Budapest HUN"]
[Date "2005.12.12"]
[Round "10"]
[White "Galyas,M"]
[Black "Muratet Casadevall,A"]
[Result "1-0"]
[WhiteElo "2424"]
[BlackElo "2175"]

1.d4 Nf6 2.c4 g6 3.Nc3 Bg7 4.e4 d6 5.Nf3 O-O 6.Be2 e5 7.O-O Nc6 8.d5 Ne7
9.Bg5 h6 10.Bxf6 Bxf6 11.b4 Kg7 12.c5 Ng8 13.a4 Bg5 14.a5 a6 15.cxd6 cxd6
16.Na4 Rb8 17.Nb6 f5 18.Qc2 fxe4 19.Nxg5 Qxg5 20.Qc7+ Kh8 21.h4 Qe7 22.Qxb8 Bh3
23.Qxf8 Qxf8 24.gxh3 Qf4 25.Nc4 Qxh4 26.Ra3 Ne7 27.Nxd6 Nxd5 28.Bc4 Nf4 29.Kh2 Nd3
30.Bxd3 Qf4+ 31.Kg1 exd3 32.Rxd3 e4 33.Re3 Qxd6 34.Rxe4 Kg7 35.Rfe1 Kf6 36.R1e3 g5
37.h4 Kf5 38.hxg5 hxg5 39.Kg2 Qd5 40.f3 Qd2+ 41.Re2 Qc3 42.Rg4 Qc1 43.Rf2 Qc3
44.Re4 Kf6 45.Rfe2 Kf5 46.Re6 Qd3 47.Kg3 Qd4 48.R2e3 Qh4+ 49.Kg2 Qd4 50.R3e4 Qb2+
51.Kg3 Qa1 52.Re1 Qc3 53.R6e4 Qb2 54.Rd1 Qc3 55.Red4 Qb3 56.Rd6 Ke5 57.R1d5+  1-0

[Event "12th Open"]
[Site "Zadar CRO"]
[Date "2005.12.13"]
[Round "3"]
[White "Petkov,V"]
[Black "Krstic,U"]
[Result "1-0"]
[WhiteElo "2529"]
[BlackElo "2350"]

1.d4 g6 2.c4 Nf6 3.Nc3 Bg7 4.e4 d6 5.Nf3 O-O 6.Be2 e5 7.O-O Nc6 8.d5 Ne7
9.b4 Kh8 10.c5 Ne8 11.Nd2 f5 12.a4 Bh6 13.Ba3 Bxd2 14.Qxd2 f4 15.b5 g5 16.Rfc1 Ng6
17.Bf1 Nh4 18.b6 axb6 19.cxd6 cxd6 20.Nb5 g4 21.Qc3 Rf6 22.Nc7 Nxc7 23.Qxc7 Qf8
24.Rc3 Rg6 25.Kh1 g3 26.fxg3 fxg3 27.hxg3 Rf6 28.Kg1 Ng6 29.Be2 Kg8 30.Rac1 Qh6
31.Bxd6 Qg5 32.Qd8+ Kg7 33.Rc7+ Kh6 34.Rxc8 Qxc1+ 35.Rxc1 Rxd8 36.Bc7 Rc8
37.Bg4 Ra8 38.d6 Kg5 39.Bh3 Nf8 40.d7 Nxd7 41.Bxd7 Rf7 42.Be6 Re7 43.Bf5 Kh6
44.Bd6 Rf7 45.Bxe5 Rxa4 46.g4 b5 47.Rc3 Kg5 48.Rh3 Rxf5 49.exf5  1-0

[Event "5th Amplico AIG Life"]
[Site "Warsaw POL"]
[Date "2005.12.17"]
[Round "2"]
[White "Czakon,J"]
[Black "Kurpiewski,S"]
[Result "1-0"]
[WhiteElo "2477"]
[BlackElo "2185"]

1.d4 Nf6 2.c4 g6 3.Nc3 Bg7 4.e4 d6 5.Nf3 O-O 6.Be2 e5 7.O-O Nc6 8.d5 Ne7
9.b4 Nh5 10.Re1 Nf4 11.Bf1 h6 12.c5 g5 13.Nd2 c6 14.cxd6 Qxd6 15.Nc4 Qf6
16.d6 Neg6 17.b5 Be6 18.bxc6 bxc6 19.Na5 Bd7 20.Rb1 Rfb8 21.Ba3 Qd8 22.Nb7 Qe8
23.Nc5 Ne6 24.Nxe6 Qxe6 25.Qa4 c5 26.Rxb8+ Rxb8 27.Qxa7 Rc8 28.Bxc5 Nf4 29.Rb1 g4
30.Rb8 Rxb8 31.Qxb8+ Kh7 32.Qb3 Qg6 33.a4 Bc6 34.Qb4 Bf8 35.d7 Bxc5 36.Qxc5 Bxd7
37.Qxe5 Ne6 38.a5 Ng5 39.Nd5 Nxe4 40.Qxe4  1-0

[Event "5th Amplico AIG Life"]
[Site "Warsaw POL"]
[Date "2005.12.17"]
[Round "6"]
[White "Likavsky,T"]
[Black "Zawadzka,J"]
[Result "0-1"]
[WhiteElo "2514"]
[BlackElo "2381"]

1.d4 Nf6 2.c4 g6 3.Nc3 Bg7 4.e4 d6 5.Nf3 O-O 6.Be2 e5 7.O-O Nc6 8.d5 Ne7
9.Ne1 Nd7 10.Be3 f5 11.f3 f4 12.Bf2 g5 13.a4 Kh8 14.a5 a6 15.b4 Nf6 16.c5 Rg8
17.g4 fxg3 18.hxg3 Ng6 19.Kg2 Bf8 20.Rh1 g4 21.fxg4 Nxg4 22.Nd3 Nxf2 23.Kxf2 Qg5
24.Rh5 Qf6+ 25.Ke1 Nf4 26.gxf4 Rg1+ 27.Bf1 Bg4 28.Qd2 Bxh5 29.Qh2 exf4 30.e5 Qg5
31.Kf2 Be7 32.Ne4 Qg6 33.Nxf4 Qxe4 34.Kxg1 Qd4+  0-1

[Event "5th Amplico AIG Life"]
[Site "Warsaw POL"]
[Date "2005.12.18"]
[Round "12"]
[White "Krzesaj,R"]
[Black "Jaroch,K"]
[Result "1-0"]
[WhiteElo "2334"]
[BlackElo "2018"]

1.d4 Nf6 2.Nf3 g6 3.c4 Bg7 4.Nc3 O-O 5.e4 d6 6.Be2 e5 7.O-O Nc6 8.d5 Ne7
9.Nd2 Ne8 10.b4 f5 11.c5 Nf6 12.f3 h5 13.Nc4 a6 14.a4 f4 15.Ba3 Ne8 16.b5 Rf6
17.b6 dxc5 18.Bxc5 cxb6 19.Ba3 g5 20.Qb3 Kh7 21.Nxe5 Rf8 22.Nc4 Bd4+ 23.Kh1 b5
24.axb5 axb5 25.Bxe7 Qxe7 26.Rxa8 bxc4 27.Qxc4 Bxc3 28.Qxc3 Bd7 29.e5 Ng7
30.Rxf8 Qxf8 31.e6 Be8 32.Bd3+ Kh8 33.Qe5 Qa3 34.Qe4 Bc6  1-0

[Event "1st ch-BIH"]
[Site "Brcko BIH"]
[Date "2005.12.19"]
[Round "5"]
[White "Muratovic,Ef"]
[Black "Nurkic,S"]
[Result "1-0"]
[WhiteElo "2361"]
[BlackElo "2426"]

1.Nf3 g6 2.c4 Bg7 3.Nc3 Nf6 4.e4 d6 5.d4 O-O 6.Be2 e5 7.O-O Nc6 8.d5 Ne7
9.b4 Ne8 10.c5 h6 11.Ba3 f5 12.Nd2 g5 13.Nc4 Ng6 14.g3 f4 15.Bh5 Kh7 16.Rc1 Qd7
17.cxd6 cxd6 18.b5 b6 19.Bb4 Rf6 20.a4 Qh3 21.Bf3 g4 22.Bg2 Qh5 23.Re1 Bd7
24.Na2 Qg5 25.Qd3 h5 26.Qa3 h4 27.Rc2 Rc8 28.Rec1 hxg3 29.fxg3 Bf8 30.Be1 Kg8
31.Nb4 Rf7 32.Nc6 Rc7 33.Bf2 Rh7 34.Kf1 Rxh2 35.Bg1 Rh7 36.Ke1 f3 37.Bf1 Rh1
38.Qe3 Qh5 39.Qf2 Nf6 40.Bd3 Bxc6 41.bxc6 Nf4 42.gxf4 g3 43.Qxg3+ Rg7 44.Qxg7+ Kxg7
45.Kd2 Ne8 46.Ne3 Kh8 47.Kc3 Bg7 48.Nf5 Bf6 49.fxe5 Bxe5+ 50.Bd4 Bxd4+ 51.Kxd4 Rxc1
52.Rxc1 Qh2 53.Ke3 f2 54.Rf1 Qh3+ 55.Ke2 Qg4+ 56.Kxf2 Qf4+ 57.Ke2 Qh2+ 58.Rf2 Qg1
59.Nd4 Nc7 60.Nf5 Qg4+ 61.Kd2 Qg5+ 62.Kc2 Qg1 63.Rf1 Qh2+ 64.Kb3 a6 65.Nd4 Qd2
66.Rf3 a5 67.Nc2 Kg7 68.Bc4 Qd1 69.Rf1 Qd2 70.Kb2 Qh2 71.Rf5 Qh3 72.Rf1  1-0

[Event "Harmonie Open A"]
[Site "Groningen NED"]
[Date "2005.12.23"]
[Round "1"]
[White "Belle,E"]
[Black "Wustefeld,E"]
[Result "1-0"]
[WhiteElo "2014"]
[BlackElo "2317"]

1.d4 Nf6 2.c4 g6 3.Nc3 Bg7 4.e4 d6 5.Nf3 O-O 6.Be2 e5 7.O-O Nc6 8.d5 Ne7
9.Ne1 Ne8 10.Be3 f5 11.f3 f4 12.Bf2 h5 13.c5 g5 14.b4 Rf6 15.a4 Rg6 16.cxd6 cxd6
17.a5 g4 18.Kh1 Kh8 19.Nb5 g3 20.Bg1 Ng8 21.Nxa7 Rxa7 22.Bxa7 Qh4 23.Bg1 Nef6
24.Rc1 Bd7 25.Rc7 gxh2 26.Bf2 Qg5 27.Rxd7 Nxd7 28.b5 Nb8 29.a6 bxa6 30.bxa6 Nxa6
31.Bxa6 Ne7 32.Bb5 Bf6 33.Bd7 Qh6 34.Qb3 Rg8 35.Be6 Ra8 36.Qb4 Qg7 37.Qxd6 Ng6
38.Qd7 Qh6 39.Bf5  1-0

[Event "8th Open ch-Bajmok"]
[Site "Bajmok SCG"]
[Date "2005.12.26"]
[Round "2"]
[White "Petrekanovic,M"]
[Black "Vidic,S"]
[Result "0-1"]
[WhiteElo "2087"]
[BlackElo "2267"]

1.d4 Nf6 2.c4 g6 3.Nc3 Bg7 4.e4 d6 5.Be2 O-O 6.Nf3 e5 7.O-O Nc6 8.d5 Ne7
9.b4 a5 10.Ba3 axb4 11.Bxb4 Ne8 12.Ne1 f5 13.c5 fxe4 14.Nxe4 Nf5 15.cxd6 Nexd6
16.Nc3 Nd4 17.Bg4 Qh4 18.Be6+ Nxe6 19.Bxd6 cxd6 20.dxe6 Bxe6 21.Nd5 Ra5 22.Ne3 Qd4
23.Nf3 Qxd1 24.Raxd1 Rd8 25.Rd2 Rxa2 26.Rxa2 Bxa2 27.Ra1 Ra8 28.Ng5 b5 29.Ne6 e4
30.Nxg7 Kxg7 31.Rd1 Bb3  0-1

[Event "Open A"]
[Site "Bethune FRA"]
[Date "2005.12.27"]
[Round "2"]
[White "Ikonnikov,Vy"]
[Black "Simon,O"]
[Result "1-0"]
[WhiteElo "2566"]
[BlackElo "2315"]

1.d4 Nf6 2.Nf3 g6 3.c4 Bg7 4.Nc3 O-O 5.e4 d6 6.Be2 e5 7.O-O Nc6 8.d5 Ne7
9.Ne1 Nd7 10.Be3 f5 11.f3 f4 12.Bf2 g5 13.a4 a6 14.a5 Rf6 15.Nd3 Rh6 16.Be1 Qe8
17.Nf2 Rg6 18.Na4 h5 19.h3 Kh7 20.b4 Ng8 21.c5 Nh6 22.cxd6 cxd6 23.Rc1 Rb8
24.Rc7 Nf6 25.Nb6 g4 26.Nxc8 Rxc8 27.Rxb7 Kh8 28.fxg4 hxg4 29.hxg4 Bf8 30.Qd3 Nf7
31.Qxa6 f3 32.Bxf3  1-0

[Event "Open A"]
[Site "Bethune FRA"]
[Date "2005.12.27"]
[Round "3"]
[White "Epishin,V"]
[Black "Le Quang,K"]
[Result "1-0"]
[WhiteElo "2574"]
[BlackElo "2323"]

1.d4 Nf6 2.c4 g6 3.Nc3 Bg7 4.Nf3 d6 5.e4 O-O 6.Be2 e5 7.O-O Nc6 8.d5 Ne7
9.b4 Nh5 10.Qc2 a5 11.bxa5 Rxa5 12.Re1 c5 13.a4 Kh8 14.Rb1 Ng8 15.Rb5 Ra6
16.Nd2 Nhf6 17.Nf1 Ne8 18.Bd1 Qh4 19.Ng3 Bh6 20.Rf1 Ng7 21.Bxh6 Nxh6 22.Qd2 g5
23.Re1 f6 24.a5 Nf7 25.Na4 Ra7 26.Nb6 Qh6 27.Qb2 Qg6 28.Nxc8 Rxc8 29.Rxb7 Raa8
30.Rd7 Rxa5 31.Bg4 Rf8 32.Nf5 h5 33.Nxg7 hxg4 34.Nf5  1-0

[Event "Master Open"]
[Site "Zurich SUI"]
[Date "2005.12.27"]
[Round "3"]
[White "Bucher,M"]
[Black "Nemet,I"]
[Result "1-0"]
[WhiteElo "2239"]
[BlackElo "2381"]

1.d4 Nf6 2.Nf3 g6 3.c4 Bg7 4.Nc3 O-O 5.e4 d6 6.Be2 e5 7.O-O Nc6 8.d5 Ne7
9.Ne1 Ne8 10.Be3 f5 11.f3 f4 12.Bf2 g5 13.c5 h5 14.a4 Ng6 15.a5 dxc5 16.Bxc5 Nf6
17.Rc1 Rf7 18.d6 Be6 19.Nb5 cxd6 20.Qxd6 Qxd6 21.Nxd6 Rd7 22.Bb5 Rc7 23.Nd3 Bf8
24.Nf5 a6 25.Bxf8 Rxc1 26.Rxc1 Kxf8 27.Bc4 Bxc4 28.Rxc4 Rd8 29.Rc3 g4 30.Kf1 h4
31.Nc5 Re8 32.Nxb7 h3 33.Rc6 Ng8 34.Rxg6 g3 35.gxh3 gxh2 36.Kg2 Rc8 37.Rxg8+  1-0

[Event "Master Open"]
[Site "Zurich SUI"]
[Date "2005.12.27"]
[Round "3"]
[White "Schacht,H"]
[Black "Nuri,Kam"]
[Result "1-0"]
[WhiteElo "2290"]
[BlackElo "2074"]

1.d4 Nf6 2.c4 g6 3.Nc3 Bg7 4.e4 O-O 5.Nf3 d6 6.Be2 e5 7.O-O Nc6 8.d5 Ne7
9.Nd2 Ne8 10.b4 f5 11.c5 c6 12.Nc4 cxd5 13.Nxd5 dxc5 14.Bg5 Nf6 15.Nxf6+  1-0

[Event "Open A"]
[Site "Bethune FRA"]
[Date "2005.12.28"]
[Round "4"]
[White "Bosch,Jo"]
[Black "Draoui,N"]
[Result "0-1"]
[WhiteElo "2060"]
[BlackElo "2368"]

1.d4 Nf6 2.c4 g6 3.Nc3 Bg7 4.Nf3 d6 5.e4 O-O 6.Be2 e5 7.O-O Nc6 8.d5 Ne7
9.b4 c6 10.Qb3 a5 11.bxa5 c5 12.Rb1 Rxa5 13.Bd2 Ra6 14.Qc2 h6 15.Rb2 Nd7
16.Rfb1 f5 17.Bd3 Nf6 18.Nh4 f4 19.Na4 g5 20.Nf3 Nd7 21.h3 Ng6 22.Be2 Kh8
23.Nh2 Nh4 24.Bg4 Nf6 25.Bxc8 Qxc8 26.Rxb7 f3 27.Rb8 Qd7 28.Rxf8+ Bxf8 29.Nb6 Qa7  0-1

[Event "Czech Chess Christmas"]
[Site "Litomysl CZE"]
[Date "2005.12.29"]
[Round "5"]
[White "Gajewski,G"]
[Black "Vokac,M"]
[Result "1/2-1/2"]
[WhiteElo "2461"]
[BlackElo "2445"]

1.d4 Nf6 2.c4 g6 3.Nc3 Bg7 4.e4 O-O 5.Nf3 d6 6.Be2 e5 7.O-O Nc6 8.d5 Ne7
9.b4 c6 10.Ba3 cxd5 11.cxd5 Bd7 12.b5 Ne8 13.Nd2 Nc8 14.Bb4 f5 15.a4 Qh4
16.g3 Qf6 17.Nc4 Rf7 18.Ra3 Bf8 19.exf5 Bxf5 20.Ne3 a5 21.bxa6 bxa6 22.Ba5 Qe7
23.Nxf5 gxf5 24.Bh5 Rf6 25.Rb3 Ng7 26.Be2 Qa7 27.Qd2 Rf7 28.Rfb1 Qc5 29.Na2 f4
30.Rc1 Qa7 31.Bg4 Ne7 32.Rc7 Qd4 33.Qxd4 exd4 34.Rbb7 fxg3 35.hxg3 Ngf5 36.Nb4 Rf6
37.Be2 Ng6 38.Bxa6 d3 39.Rc1 Nd4 40.Rd1 d2 41.Bb6 Re8 42.Kf1 Nf3 43.Be3 Bh6
44.Nc2 Bxe3 45.Nxe3 h5 46.Rc7 Ng5 47.Rc8 Rxc8 48.Bxc8 Ne4 49.Bf5 Nc3 50.Rxd2 Nxa4
51.g4 Ne7 52.Be6+ Kg7 53.gxh5 Rf4 54.Ra2 Kh6 55.Kg2 Kxh5 56.Kg3 Re4 57.f3 Rxe3
58.Rxa4 Ng6 59.Bf7 Kh6 60.Bxg6 Kxg6 61.Ra6 Kf5 62.Rxd6 Rd3 63.Rd8 Kf6 64.d6 Rd4
65.f4 Rd1 66.Kg4 Rg1+ 67.Kf3 Rd1 68.Ke4 Ke6 69.f5+ Kf6 70.Rf8+ Kg7 71.Rd8 Kf6
72.Rd7 Rd2 73.Rd8 Rd1  1/2-1/2

[Event "Harmonie Invitation"]
[Site "Groningen NED"]
[Date "2005.12.30"]
[Round "9"]
[White "Rau,H"]
[Black "Pruijssers,R"]
[Result "1/2-1/2"]
[WhiteElo "2421"]
[BlackElo "2310"]

1.d4 Nf6 2.c4 g6 3.Nc3 Bg7 4.e4 d6 5.Nf3 O-O 6.Be2 e5 7.O-O Nc6 8.d5 Ne7
9.b4 Nh5 10.Re1 f5 11.Ng5 Nf6 12.f3 Nh5 13.c5 Nf4 14.Bc4 Kh8 15.Ne6 Nxe6
16.dxe6 fxe4 17.Nxe4 d5 18.Ng5 Kg8 19.Bb3 c6 20.Bb2 Nf5 21.Nf7 Qe7 22.Bxe5 Bxe6
23.Bxg7  1/2-1/2

[Event "8th Hilton Schachfestival"]
[Site "Basel SUI"]
[Date "2006.01.01"]
[Round "1"]
[White "Golod,V"]
[Black "Nuri,Kam"]
[Result "1-0"]
[WhiteElo "2577"]
[BlackElo "2116"]

1.d4 Nf6 2.c4 g6 3.Nc3 Bg7 4.e4 d6 5.Nf3 O-O 6.Be2 e5 7.O-O Nc6 8.d5 Ne7
9.b4 Nh5 10.Re1 f5 11.Ng5 Nf6 12.Bf3 h6 13.Ne6 Bxe6 14.dxe6 c6 15.Qb3 Qc7
16.c5 Rad8 17.cxd6 Rxd6 18.a4 Rfd8 19.a5 Rd3 20.Qc2 Qd6 21.Be2 fxe4 22.Bxd3 exd3
23.Qb3 e4 24.Ra2 Ng4 25.g3 Bxc3 26.Qxc3 Qxe6 27.Bb2 Kf7 28.Ra3 Qf5 29.f3 Nxh2
30.Kxh2  1-0

[Event "Petrovskaya Ladya IM"]
[Site "Peterhof RUS"]
[Date "2006.01.04"]
[Round "2"]
[White "Lupik,M"]
[Black "Kosarev,D"]
[Result "0-1"]
[WhiteElo "2226"]
[BlackElo "2178"]

1.d4 Nf6 2.c4 g6 3.Nc3 Bg7 4.e4 d6 5.Be2 O-O 6.Nf3 e5 7.O-O Nc6 8.d5 Ne7
9.Ne1 Nd7 10.Be3 f5 11.f3 f4 12.Bf2 g5 13.b4 Nf6 14.c5 Ng6 15.a4 h5 16.cxd6 cxd6
17.Nb5 a6 18.Na7 Bd7 19.b5 g4 20.Qb3 g3 21.hxg3 fxg3 22.Be3 Rxa7 23.Bxa7 Nf4
24.Bc4 b6 25.bxa6 Nxe4 26.fxe4 Qh4 27.Nf3 Ne2+  0-1

[Event "Petrovskaya Ladya IM"]
[Site "Peterhof RUS"]
[Date "2006.01.08"]
[Round "7"]
[White "Bets,A"]
[Black "Eliseev,Alexe"]
[Result "1/2-1/2"]
[WhiteElo "2362"]
[BlackElo "2421"]

1.d4 Nf6 2.c4 g6 3.Nc3 Bg7 4.e4 d6 5.Be2 O-O 6.Nf3 e5 7.O-O Nc6 8.d5 Ne7
9.b4 a5 10.bxa5 Nd7 11.Nd2 Rxa5 12.Nb3 Ra8 13.Be3 f5 14.f3 b6 15.a4 f4 16.Bf2 g5
17.a5 h5 18.axb6 Rxa1 19.Qxa1 cxb6 20.Nb5 Rf6 21.Qa7 Ng6 22.Qc7 Qxc7 23.Nxc7 Ngf8
24.Ra1 Nc5 25.Ra8 Bd7 26.Nd2 g4 27.Rb8 gxf3 28.Bxf3 Bg4 29.Ne8 Rg6 30.Bxg4 hxg4
31.Rxb6 Nfd7 32.Rxd6 Rxd6 33.Nxd6 Bf8 34.Nf5 Nf6 35.d6 Nfd7 36.g3 Kf7 37.h3 gxh3
38.g4 Nb7 39.Kh2 Nxd6 40.Kxh3 Nb7 41.g5 Bb4 42.Nf3 Na5 43.c5 Nc6 44.Nd6+ Kg6
45.Nb7 Kh5 46.Bg1 Nf8 47.Nd6 Ne6 48.Nf7 Bxc5  1/2-1/2

[Event "TCh-AUT 2005-6"]
[Site "Austria AUT"]
[Date "2006.01.14"]
[Round "6"]
[White "Gyimesi,Z"]
[Black "Shchekachev,A"]
[Result "1/2-1/2"]
[WhiteElo "2602"]
[BlackElo "2570"]

1.d4 g6 2.e4 Bg7 3.c4 d6 4.Nc3 Nf6 5.Nf3 O-O 6.Be2 e5 7.O-O Nc6 8.d5 Ne7
9.b4 c6 10.Rb1 a6 11.a4 a5 12.Qb3 Nd7 13.Be3 axb4 14.Qxb4 c5 15.Qb3 h6 16.Nd2 Ra6
17.Kh1 f5 18.exf5 Nxf5 19.Nde4 Nf6 20.Nxf6+ Qxf6 21.Ne4 Qh4 22.Bd3 Qe7 23.Kg1 b6
24.Bc2 Bd7 25.Qd3 Qe8 26.Nc3 Qe7 27.Ne4 Qe8 28.Nc3 Qe7  1/2-1/2

[Event "TCh-CZE Extraliga 2005-6"]
[Site "Czech Rep CZE"]
[Date "2006.01.14"]
[Round "7"]
[White "Pick,Step"]
[Black "Gross,Dav CZE"]
[Result "1/2-1/2"]
[WhiteElo "2250"]
[BlackElo "2383"]

1.Nf3 Nf6 2.c4 g6 3.Nc3 Bg7 4.e4 d6 5.d4 O-O 6.Be2 e5 7.O-O Nc6 8.d5 Ne7
9.b4 Nh5 10.Re1 h6 11.Nd2 Nf4 12.Bf1 f5 13.g3 Nh5 14.exf5 Nxf5 15.Nde4 Nd4
16.Bg2 Bf5 17.Be3 a5 18.bxa5 Rxa5 19.a4 c6 20.Ra2 Kh7 21.Rd2 Qd7 22.Bxd4 exd4
23.dxc6 bxc6 24.Rxd4 Bxd4 25.Qxd4 Re5 26.c5 Bxe4 27.Nxe4 Rd5 28.Qe3 Re5 29.cxd6 Rfe8
30.Qc3 c5 31.Nf6+ Nxf6 32.Rxe5 Qxd6 33.Rxe8 Nxe8 34.Qb3 Ng7 35.h4 Qd4 36.a5 Qa1+
37.Kh2 Qxa5 38.Bd5 Qd2 39.Kg2 h5 40.Bg8+ Kh6 41.Bf7 Qd6 42.Qc4 Nf5 43.Qd5 Qe7
44.Qe6 Qxe6 45.Bxe6 Nd4 46.Bc4 Kg7 47.f4 Kf6 48.Kf2 Nf5  1/2-1/2

[Event "2nd Bundesliga Ost 2005-6"]
[Site "Austria AUT"]
[Date "2006.01.15"]
[Round "6"]
[White "Hangweyrer,R"]
[Black "Lovrinovic,C"]
[Result "1/2-1/2"]
[WhiteElo "2193"]
[BlackElo "2184"]

1.c4 Nf6 2.Nc3 g6 3.e4 d6 4.d4 Bg7 5.Be2 O-O 6.Nf3 e5 7.O-O Nc6 8.d5 Ne7
9.b4 a5 10.Ba3 Nh5 11.bxa5 Nf4 12.c5 f5 13.cxd6 cxd6 14.Nd2 Rxa5 15.Nc4 Nxe2+
16.Qxe2 Ra6 17.Nb5 Rxa3 18.Ncxa3 fxe4 19.Rfd1 Rf4 20.h3 Nf5 21.Rac1 Bd7 22.Kh2 Qh4
23.Rc3 Rxf2 24.Qg4 Qd8 25.Qxe4 Bh6 26.Rf3 Bf4+ 27.Rxf4 Rxf4 28.Qe1 Qb6 29.Nc3 Qc5
30.Nab1 Qb4  1/2-1/2

[Event "4th Parsvnath Open"]
[Site "New Delhi IND"]
[Date "2006.01.15"]
[Round "2"]
[White "Ibraev,N"]
[Black "Tiwari,Ar"]
[Result "1-0"]
[WhiteElo "2523"]
[BlackElo "2261"]

1.Nf3 Nf6 2.c4 g6 3.Nc3 Bg7 4.e4 d6 5.d4 O-O 6.Be2 e5 7.O-O Nc6 8.d5 Ne7
9.b4 Nh5 10.Re1 Kh8 11.Nd2 Nf4 12.Bf1 f5 13.g3 Nh5 14.exf5 Nxf5 15.Nde4 Nd4
16.Bg2 a5 17.Ba3 b6 18.bxa5 Rxa5 19.Bb4 Ra8 20.a4 Nf6 21.Nxf6 Qxf6 22.Ne4 Qf7
23.Bc3 Bf5 24.f4 Rae8 25.Ra2 Bxe4 26.Rxe4 c5 27.dxc6 Qxc4 28.Rc2 Qf7 29.Bxd4 exd4
30.Rxe8 Rxe8 31.Bh3 Qd5 32.Bg2 Qf7 33.Re2 Rc8 34.Qd3 d5 35.Qb5 d3 36.Qxd3 Rxc6
37.Bxd5 Rc1+ 38.Kg2 Qd7 39.Qe4 Bf6 40.Qe8+ Qxe8 41.Rxe8+ Kg7 42.Rb8 Bd4 43.Rb7+ Kh8
44.g4 Rc2+ 45.Kg3 Rc3+ 46.Kg2 Be3 47.Kf3 Bc1+ 48.Kg2 Be3 49.Rb8+ Kg7 50.g5 h6
51.Rb7+ Kh8 52.f5 Bxg5 53.fxg6 Rc2+ 54.Kf3 Rc3+ 55.Kg4  1-0

[Event "Classic"]
[Site "Queenstown NZL"]
[Date "2006.01.18"]
[Round "4"]
[White "Berezina,I"]
[Black "Croad,N"]
[Result "1-0"]
[WhiteElo "2285"]
[BlackElo "2206"]

1.d4 Nf6 2.c4 g6 3.Nc3 Bg7 4.Nf3 d6 5.e4 O-O 6.Be2 e5 7.O-O Nc6 8.d5 Ne7
9.Ne1 Nd7 10.Kh1 f5 11.exf5 Nxf5 12.Ne4 Nf6 13.Nxf6+ Qxf6 14.a4 Bh6 15.Bxh6 Nxh6
16.a5 Bd7 17.Kg1 Nf5 18.Nc2 c5 19.Bg4 Qh4 20.Ra3 Rf7 21.Rh3 Qg5 22.Bxf5 Bxf5
23.Rg3 Qh4 24.Ne3 Raf8 25.Qe2 Qd4 26.Rd1 Qe4 27.Qd2 Bc8 28.Rf1 Rf4 29.Qe2 Qd4
30.Rd1 Re8 31.Rxd4 exd4 32.h3 Bf5 33.Qd2 dxe3 34.Rxe3 Rxe3 35.Qxe3 Rxc4 36.Qe8+ Kg7
37.Qe7+ Kh6 38.Qxd6 Rc1+ 39.Kh2 Rc2 40.Qf8+ Kg5 41.Qe7+ Kh6 42.b3 b6 43.a6 b5
44.Qxa7 c4 45.Qe3+ Kg7 46.a7 Ra2 47.bxc4 bxc4 48.Qe7+  1-0

[Event "Classic"]
[Site "Queenstown NZL"]
[Date "2006.01.21"]
[Round "7"]
[White "Drummond,M"]
[Black "Song,R"]
[Result "1/2-1/2"]
[WhiteElo "2235"]
[BlackElo "2051"]

1.c4 g6 2.Nc3 Bg7 3.d4 d6 4.e4 Nf6 5.Nf3 O-O 6.Be2 e5 7.O-O Nc6 8.d5 Ne7
9.b4 Nh5 10.Re1 a5 11.bxa5 Rxa5 12.Nd2 Nf4 13.Bf1 Ra8 14.Nb3 c6 15.a4 f5
16.f3 c5 17.a5 Nh5 18.Na4 Nf6 19.Nb6 Ra6 20.Nxc8 Qxc8 21.Rb1 f4 22.Re2 g5
23.Reb2 Ng6 24.Bd2 Rf7 25.Be1 Bf8 26.Nc1 g4 27.Be2 h5 28.Rb3 g3 29.h3 Nh4
30.Bf1 Nh7 31.R1b2 Ng5 32.Na2 Rg7 33.Ra3 Nxg2 34.Bxg2 Nxh3+ 35.Bxh3 Qxh3
36.Rg2 h4 37.Nc3 Qd7 38.Kh1 Qh3+  1/2-1/2

[Event "TCh-HUN 2005-6"]
[Site "Hungary HUN"]
[Date "2006.01.22"]
[Round "6"]
[White "Rachela,M"]
[Black "Toth,An1"]
[Result "1-0"]
[WhiteElo "2315"]
[BlackElo "2439"]

1.d4 Nf6 2.Nf3 g6 3.c4 Bg7 4.Nc3 O-O 5.e4 d6 6.Be2 e5 7.O-O Nc6 8.d5 Ne7
9.b4 Nh5 10.Re1 Nf4 11.Bf1 a5 12.bxa5 Rxa5 13.Nd2 c5 14.dxc6 bxc6 15.Nb3 Ra8
16.a4 Ne6 17.c5 d5 18.exd5 Nxd5 19.Nxd5 cxd5 20.Bb5 d4 21.Qf3 Ra7 22.Bd2 f5
23.Qc6 Kh8 24.Qb6 Qe7 25.Na5 Rc7 26.Nc6 Qxc5 27.Qxc5 Nxc5 28.Bb4 Rf6 29.Bxc5 Rfxc6
30.Bxc6 Rxc6 31.Bxd4 Re6 32.Bc3 h5 33.a5 Kh7 34.Rab1  1-0

[Event "GM"]
[Site "Marianske Lazne CZE"]
[Date "2006.01.22"]
[Round "2"]
[White "Sergeev,Vl"]
[Black "Simacek,P"]
[Result "1/2-1/2"]
[WhiteElo "2434"]
[BlackElo "2480"]

1.d4 Nf6 2.c4 g6 3.Nc3 Bg7 4.e4 d6 5.Nf3 O-O 6.Be2 e5 7.O-O Nc6 8.d5 Ne7
9.Ne1 Ne8 10.Nd3 f5 11.f3 c5 12.Rb1 f4 13.b4 b6 14.bxc5 bxc5 15.Bd2 g5 16.g4  1/2-1/2

[Event "Open"]
[Site "Zagreb CRO"]
[Date "2006.01.22"]
[Round "9"]
[White "Takac,Z"]
[Black "Armanda,I"]
[Result "0-1"]
[WhiteElo "2150"]
[BlackElo "2343"]

1.d4 Nf6 2.c4 g6 3.Nc3 Bg7 4.e4 d6 5.Nf3 O-O 6.Be2 e5 7.O-O Nc6 8.d5 Ne7
9.Ne1 Nd7 10.Nd3 f5 11.f3 f4 12.Bd2 g5 13.a4 h5 14.c5 dxc5 15.Nb5 Rf6 16.Qc2 a6
17.Na3 Rg6 18.Nc4 Kh7 19.h3 Ng8 20.Bc3 Qe7 21.b3 Nh6 22.Qb2 g4 23.fxg4 hxg4
24.hxg4 Nf7 25.Bf3 Kg8 26.Kf2 Rg5 27.Ke2 Nd6 28.Nd2 a5 29.Rh1 b6 30.Nf2 Nf6
31.Bxe5 Rxe5 32.Nd3 Ba6 33.Qc2 Nfxe4 34.Nxe4 Rxe4+  0-1

[Event "Winter Open"]
[Site "Belgrade SCG"]
[Date "2006.01.24"]
[Round "4"]
[White "Ocokoljic,Z"]
[Black "Bogavac,M"]
[Result "0-1"]
[WhiteElo "2115"]
[BlackElo "1867"]

1.d4 Nf6 2.Nf3 g6 3.c4 Bg7 4.Nc3 O-O 5.e4 d6 6.Be2 e5 7.O-O Nc6 8.Ne1 Nxd4
9.Be3 c5 10.Nd3 b6 11.f4 exf4 12.Nxf4 Nxe2+ 13.Qxe2 Re8 14.Qf3 Bg4 15.Qf2 Nxe4
16.Nxe4 Rxe4 17.Rae1 Rxe3 18.Rxe3 Bd4 19.Nd5 Be6 20.Kh1 Bxd5 21.cxd5 Bxe3
22.Qxe3 Qe8 23.Qf4 Qe7 24.h3 Re8 25.b3 f5 26.Qa4 Qe2 27.Rf2 Qe1+ 28.Kh2 Re7
29.Qh4 Qe5+ 30.g3 Kg7 31.Rd2 h6 32.Rf2 b5 33.Rd2 g5 34.Qh5 f4 35.Qf3 fxg3+
36.Qxg3 Qxg3+ 37.Kxg3 Re5 38.a3 a5 39.Rd3 Kg6 40.Kf3 h5 41.Rd2 Kf5 42.Rd3 g4+
43.hxg4+ hxg4+ 44.Kf2 Ke4 45.Rg3 Rf5+ 46.Ke2 Kf4 47.Rd3 g3 48.Rd1 Kg4 49.a4 b4
50.Ke3 g2  0-1